1386 1248 1382 1314 1226 1063 1335 1294 1738 1811 1522 1351 1705 1678 1187 1705 1530 1222 1314 1653 1557 1396 1006 1066 1327 1391 1781 1390 1490 1884 1885 1249 1542 1326 1007 1396 1696 1456 1481 1447 1399 1658 1581 1665 1116 1747 1136 1416 1468 1533 1723 1039 1721 1121 1017 1010 1406 1596 1716 1056 1810 1833 1800 1624 1991 1744 1086 1131 1278 1009 1821 1713 1688 1213 1570 1235 1073 1325 1317 1142 1106 1021 1668 1000 1405 1242 1029 1453 1264 1121 1936 1213 1425 1884 1488 1049 1911 1788 1223 BCNSPRNW ULIB Ver.6.0+V

เปลี่ยนเป็นภาษาไทย

Change to English
 แสดงรายละเอียดบรรณานุกรม
  กลับหน้าหลัก

Brief Record : Get Marc (ISO 2709) : E-mail record : QR code < ปิดหน้าต่าง
LEADER : 00000nam 2200000uu 4500
001    13399121706
003     ULIB
008    020711s2552 th a 000 0 tha d
020    9786167123134
099    นว.^bค472ฝ
100    คีตาวาที
245    ฝั่งฝันปลายทางที่หัวใจ
260    กรุงเทพฯ :^bกรีนมายด์,^c2552
300    400 หน้า
945    ^p259^l0^i026757
999    ^aวรรณษา ชูชัยมงคล
รายการนี้ยังไม่มีแท็ก
คุณยังไม่ได้ล็อกอิน คุณสามารถมีกิจกรรมร่วมกับเว็บไซต์ได้ แต่ต้องล็อกอินก่อน ::
  ล็อกอิน

รายการสื่อสารสนเทศ

ลำดับที่ ประเภท เลขเรียก/บาร์โค้ด สถานที่ สถานะ
1. นวนิยาย
นวนิยาย
นว. ค472ฝ  
  Barcode: 026757
ห้องสมุดวิทยาเขตสวรรค์ประชารักษ์
►นวนิยาย
บนชั้น
  ขอยืม

BibComment


ยังไม่เคยถูกคอมเมนท์

คอมเมนท์ทรัพยากรรายการนี้
  คอมเมนท์: ฝั่งฝันปลายทางที่..


 Copyright 2026. Bcnsprnw @Library